[Event "FRA Team Ch"]
[Site "Montpellier"]
[Date "2001.04.28"]
[Round "8.7"]
[White "Borne, Niels"]
[Black "Carton, Camille"]
[Result "1/2-1/2"]
[WhiteElo "2322"]
[BlackElo "2234"]
[Annotator "Drancy-Noyon"]
[PlyCount "173"]
[EventDate "2001.04.??"]

1. d4 d5 2. c4 e6 3. cxd5 exd5 4. Nc3 c6 5. Nf3 Bf5 6. g3 Bd6 7. Bg2 Nf6 8. Nh4
Be6 9. Qc2 O-O 10. O-O Re8 11. Bg5 h6 12. Bxf6 Qxf6 13. e3 Nd7 14. a3 Nb6 15.
b3 Rac8 16. Qd2 g5 17. Nf3 Bf5 18. Ne1 Qe7 19. Nd3 Bxa3 20. Nb1 Bd6 21. Rxa7
Ra8 22. Rxa8 Rxa8 23. Rd1 Nd7 24. Qb2 Nf6 25. Nc3 Ne4 26. Nxe4 dxe4 27. Ne1 Qe6
28. Nc2 Qd5 29. Bf1 b5 30. Ra1 Rxa1 31. Qxa1 Qxb3 32. Qa8+ Bf8 33. Qxc6 b4 34.
g4 Bxg4 35. Qxe4 Bh5 36. Qd3 Qb1 37. d5 Bg6 38. e4 b3 39. Nd4 Qe1 40. Qxb3 Qxe4
41. Nb5 Qg4+ 42. Qg3 Qd1 43. d6 Bf5 44. Qa3 Be4 45. Qe3 Bc6 46. Qd3 Qg4+ 47.
Qg3 Qe4 48. f3 Qd5 49. Na7 Bxd6 50. Nxc6 Qxc6 51. Qg2 Qc5+ 52. Kh1 Qd4 53. Qg4
Qe5 54. Qh3 Kg7 55. Qg2 Bc5 56. Qe2 Qd4 57. Qg2 Qe3 58. Bc4 Bd4 59. Bf1 f6 60.
Bb5 Kg6 61. Bf1 h5 62. h3 Kf5 63. Be2 Bc5 64. Bf1 Bd4 65. Be2 Kg6 66. Bf1 f5
67. Be2 Qf4 68. Bb5 Be5 69. Be2 Bd6 70. Bf1 Be5 71. Be2 Bd4 72. Bf1 Qe3 73. Be2
Kf6 74. Bf1 h4 75. Bb5 Qe1+ 76. Bf1 Bf2 77. f4 gxf4 78. Qc6+ Kg5 79. Kg2 Bg3
80. Qf3 Qd2+ 81. Be2 Kf6 82. Qd3 Qb4 83. Qd8+ Ke5 84. Qe8+ Kd4 85. Qd7+ Kc3 86.
Qd3+ Kb2 87. Qb5 1/2-1/2

[Event "FRA Team Ch"]
[Site "Montpellier"]
[Date "2001.04.28"]
[Round "8.8"]
[White "Bernard, Jacques"]
[Black "Moracchini, Fabrice"]
[Result "0-1"]
[WhiteElo "2237"]
[BlackElo "2316"]
[Annotator "Noyon-Drancy"]
[PlyCount "66"]
[EventDate "2001.04.??"]

1. e4 e6 2. d4 d5 3. Nc3 Nf6 4. Bg5 Bb4 5. e5 h6 6. Bd2 Bxc3 7. bxc3 Ne4 8. Qg4
Kf8 9. h4 c5 10. Bd3 Nxd2 11. Kxd2 Nc6 12. Rh3 c4 13. Be2 b5 14. Qf4 Bd7 15.
Bh5 Be8 16. a3 a5 17. Ne2 Kg8 18. Rg3 Ne7 19. Qf6 Rh7 20. Rh1 Qd7 21. Qf4 Nc6
22. Rhh3 Qe7 23. Qg4 Kh8 24. Rf3 Ra7 25. Nf4 Nd8 26. Rhg3 Qxa3 27. Bg6 fxg6 28.
Nxe6 Nf7 29. Qxg6 Qe7 30. Nxg7 Nxe5 31. Qf5 Nxf3+ 32. Rxf3 Rxg7 33. Qxd5 Rd7
0-1

[Event "FRA Team Ch"]
[Site "Montpellier"]
[Date "2001.04.28"]
[Round "8.9"]
[White "Barakoff, Annie"]
[Black "Wolfangel, Florence"]
[Result "0-1"]
[WhiteElo "1740"]
[BlackElo "1870"]
[Annotator "Drancy-Noyon"]
[PlyCount "84"]
[EventDate "2001.04.??"]

1. c4 c5 2. Nf3 Nc6 3. Nc3 e6 4. d3 d5 5. cxd5 exd5 6. g3 d4 7. Ne4 f5 8. Neg5
h6 9. Nh3 g5 10. Nhxg5 hxg5 11. Nxg5 Qd5 12. Nf3 Be6 13. Bg2 Qd7 14. Bf4 Bd6
15. Qd2 Nge7 16. Bxd6 Qxd6 17. O-O O-O-O 18. a3 Bd5 19. Rac1 Kb8 20. Rfe1 Ng6
21. e4 dxe3 22. Qxe3 Bxf3 23. Qxf3 f4 24. b4 fxg3 25. hxg3 cxb4 26. axb4 Rhf8
27. Qe4 Qd4 28. Rf1 Qxd3 29. Qg4 Nge5 30. Qh5 Rh8 31. Qd1 Qh7 32. Qxd8+ Rxd8
33. Rfe1 Nd3 34. Be4 Qf7 35. Bxd3 Rxd3 36. Re4 Rd2 37. Rf4 Qd7 38. Rf8+ Kc7 39.
b5 Rd1+ 40. Rxd1 Qxd1+ 41. Kg2 Qd5+ 42. Kg1 Qxb5 0-1

[Event "FRA Team Ch"]
[Site "Montpellier"]
[Date "2001.04.28"]
[Round "8.2"]
[White "Turner, Matthew"]
[Black "Badea, Bela"]
[Result "1/2-1/2"]
[WhiteElo "2498"]
[BlackElo "2460"]
[Annotator "Nancy-Bordeaux"]
[PlyCount "54"]
[EventDate "2001.04.??"]

1. c4 g6 2. Nc3 Bg7 3. g3 d6 4. Bg2 e5 5. d3 c6 6. Nf3 Ne7 7. Bg5 h6 8. Bd2 O-O
9. O-O Be6 10. b4 d5 11. cxd5 cxd5 12. a3 Nd7 13. Rc1 a6 14. e4 d4 15. Ne2 Nb6
16. a4 Bd7 17. Ra1 Be6 18. Nh4 Qd7 19. f4 Rab8 20. fxe5 Bg4 21. Bf3 Bh3 22. Bg2
Bg4 23. b5 axb5 24. axb5 Ra8 25. Nf3 Bxf3 26. Bxf3 Rxa1 27. Qxa1 Qxb5 1/2-1/2

[Event "FRA Team Ch"]
[Site "Montpellier"]
[Date "2001.04.28"]
[Round "8.5"]
[White "Pujos, Stephane"]
[Black "Philippe, Christophe"]
[Result "1/2-1/2"]
[WhiteElo "2269"]
[BlackElo "2356"]
[Annotator "Bordeaux-Nancy"]
[PlyCount "117"]
[EventDate "2001.04.??"]

1. e4 c5 2. Nf3 Nc6 3. d4 cxd4 4. Nxd4 g6 5. Nc3 Bg7 6. Nb3 Nf6 7. Be2 O-O 8.
O-O d6 9. Re1 Be6 10. Bf1 d5 11. Nc5 d4 12. Nxe6 fxe6 13. Na4 Qa5 14. c3 Rad8
15. Qb3 Kh8 16. Bd2 Ng4 17. f3 dxc3 18. Bxc3 Bd4+ 19. Bxd4+ Nxd4 20. Qc3 Qxa4
21. fxg4 e5 22. Qc5 Nc6 23. Rac1 Rd2 24. Re2 Rxe2 25. Bxe2 Qxe4 26. Bf3 Qd4+
27. Qxd4 Nxd4 28. Rc7 e4 29. Bd1 e5 30. Re7 Nc6 31. Rxb7 Rd8 32. Ba4 e3 33. Kf1
Nd4 34. Re7 Rf8+ 35. Ke1 Rf2 36. Rxe5 Rxb2 37. Rxe3 Rxa2 38. Bd1 a5 39. Rd3
Nc2+ 40. Kf1 Nb4 41. Rd4 g5 42. h4 gxh4 43. g5 Nc2 44. Bxc2 Rxc2 45. Rxh4 Kg7
46. Rh6 Rc5 47. Ra6 Rxg5 48. g4 Kf7 49. Ra7+ Ke6 50. Rxh7 Rxg4 51. Ke2 Rd4 52.
Ke3 Rd1 53. Rh6+ Kd7 54. Ra6 Ra1 55. Kd2 Kc7 56. Kc2 Kb7 57. Kb2 Ra4 58. Rh6
Rb4+ 59. Ka3 1/2-1/2

[Event "FRA Team Ch"]
[Site "Montpellier"]
[Date "2001.04.28"]
[Round "8.6"]
[White "Spielmann, Alain"]
[Black "Garrido, Denis"]
[Result "1/2-1/2"]
[WhiteElo "2294"]
[BlackElo "2247"]
[Annotator "Nancy-Bordeaux"]
[PlyCount "120"]
[EventDate "2001.04.??"]

1. d4 Nf6 2. Nf3 g6 3. c4 c5 4. d5 d6 5. Nc3 Bg7 6. h3 O-O 7. e4 Na6 8. Bd3 Nc7
9. O-O e6 10. Re1 e5 11. Rb1 h6 12. Bf1 Nfe8 13. g3 Kh7 14. Nh4 Bf6 15. Nf3 Bg7
16. Nh2 f5 17. exf5 gxf5 18. f4 e4 19. Be3 Rg8 20. Ne2 h5 21. Kh1 Nf6 22. Bg2
Qe8 23. Qc2 b5 24. b3 b4 25. Bc1 h4 26. g4 fxg4 27. hxg4 Bxg4 28. Nxg4 Nxg4 29.
Bxe4+ Kh8 30. Ng1 Bd4 31. Bb2 Qf7 32. Nh3 Qf6 33. Bf5 Nh6 34. Be6 Rg3 35. Ng5
Qg7 36. Bxd4 cxd4 37. Qh2 Nxe6 38. Rxe6 Nf5 39. Rbe1 Rxg5 40. fxg5 Ng3+ 41. Kg1
Qxg5 42. Re8+ Rxe8 43. Rxe8+ Kg7 44. Qf2 Ne4+ 45. Qg2 h3 46. Qxg5+ Nxg5 47. Kf2
h2 48. Re1 Kf6 49. Rh1 Kf5 50. Rxh2 Ke4 51. Rh4+ Kd3 52. Rg4 Ne4+ 53. Ke1 Ke3
54. Rg7 d3 55. Re7 Kd4 56. Kd1 a5 57. Re6 Nc3+ 58. Kd2 Ne4+ 59. Kd1 Nc3+ 60.
Kd2 Ne4+ 1/2-1/2

[Event "FRA Team Ch"]
[Site "Montpellier"]
[Date "2001.04.28"]
[Round "8.8"]
[White "Zawadski, Stephane"]
[Black "Beudaert, Xavier"]
[Result "1-0"]
[WhiteElo "2158"]
[BlackElo "2235"]
[Annotator "Nancy-Bordeaux"]
[PlyCount "117"]
[EventDate "2001.04.??"]

1. d4 Nf6 2. c4 e6 3. Nc3 Bb4 4. e3 O-O 5. Bd3 c5 6. Nf3 Nc6 7. O-O d6 8. Bd2
e5 9. dxc5 dxc5 10. Qc2 h6 11. a3 Ba5 12. h3 Be6 13. Rfd1 Bc7 14. Ne4 Nd7 15.
Ng3 Ne7 16. Nf5 Nxf5 17. Bxf5 Qf6 18. Bxe6 Qxe6 19. e4 Rad8 20. Nh4 Nb8 21. Be3
b6 22. b4 Rxd1+ 23. Rxd1 cxb4 24. axb4 Rd8 25. Rxd8+ Bxd8 26. Nf5 h5 27. Qd3
Bc7 28. Qd5 Qxd5 29. exd5 g6 30. Ne7+ Kf8 31. Nc8 a5 32. Nxb6 axb4 33. Na4 Ke8
34. Kf1 f5 35. Ke2 Na6 36. Nc5 Nb8 37. Ne6 Kd7 38. Nf8+ Ke8 39. Nxg6 f4 40. Bd2
Na6 41. Kd1 Kf7 42. Nh4 Bb6 43. Nf3 Kf6 44. Ne1 b3 45. Nd3 Bd4 46. f3 Kf5 47.
Bc1 Nc5 48. Nxc5 Bxc5 49. Bb2 e4 50. fxe4+ Kxe4 51. Kc1 Kd3 52. Be5 Kxc4 53. d6
Be3+ 54. Kb2 Kd3 55. d7 Bb6 56. Bxf4 Bd8 57. g3 Kc4 58. h4 Bf6+ 59. Kb1 1-0

[Event "FRA Team Ch"]
[Site "Montpellier"]
[Date "2001.04.28"]
[Round "8.9"]
[White "Feuvrier, Stephanie"]
[Black "Helstroffer, Arnaud"]
[Result "1-0"]
[WhiteElo "2048"]
[BlackElo "2091"]
[Annotator "Bordeaux-Nancy"]
[PlyCount "118"]
[EventDate "2001.04.??"]

1. e4 c5 2. c3 e6 3. d4 d5 4. e5 Qb6 5. Nf3 Bd7 6. Be2 Bb5 7. c4 dxc4 8. d5
exd5 9. Qxd5 Ne7 10. Qe4 Qc6 11. Qc2 Qg6 12. Qxg6 Nxg6 13. Na3 Ba6 14. Bxc4
Bxc4 15. Nxc4 Nc6 16. O-O O-O-O 17. Bg5 Rd7 18. h4 h6 19. Be3 Be7 20. h5 Nf8
21. Rfd1 Ne6 22. Rxd7 Kxd7 23. Rd1+ Kc7 24. Nd6 Rd8 25. Nb5+ Kb6 26. Rxd8 Nexd8
27. Nc3 Ne6 28. Kf1 Ka5 29. Bd2 b5 30. Ke2 b4 31. Nd5 c4 32. Nxe7 Nxe7 33. a3
c3 34. axb4+ Kxb4 35. Bxc3+ Kc4 36. g3 a6 37. Nd2+ Kd5 38. f4 Nc5 39. Ba5 Ne4
40. Nf1 Nc6 41. Bb6 a5 42. Ne3+ Ke6 43. g4 f6 44. exf6 Nxf6 45. Kd3 Nd5 46.
Nxd5 Kxd5 47. b3 Nb4+ 48. Ke3 Nc2+ 49. Kf3 Ke6 50. Ke4 Na1 51. Bd4 Nxb3 52.
Bxg7 Kf7 53. Bb2 Nc5+ 54. Kf5 Nd3 55. Ba3 Kg7 56. g5 a4 57. Ke4 Nf2+ 58. Kf3
Nd3 59. Ke3 Ne1 1-0

[Event "FRA Team Ch"]
[Site "Montpellier"]
[Date "2001.04.28"]
[Round "8.1"]
[White "Magem Badals, Jordi"]
[Black "Winants, Luc"]
[Result "1/2-1/2"]
[WhiteElo "2506"]
[BlackElo "2515"]
[Annotator "Orange-Cappelle"]
[PlyCount "27"]
[EventDate "2001.04.??"]

1. e4 e5 2. Nf3 Nc6 3. Bb5 Nf6 4. d3 d6 5. c3 g6 6. Bg5 h6 7. Bh4 Bg7 8. Nbd2
Bd7 9. Ba4 O-O 10. O-O Qe8 11. Re1 Nh5 12. Nc4 Kh8 13. Ne3 Nf4 14. Bg3 1/2-1/2

[Event "FRA Team Ch"]
[Site "Montpellier"]
[Date "2001.04.28"]
[Round "8.2"]
[White "Chuchelov, Vladimir"]
[Black "Lepelletier, Benoit"]
[Result "1-0"]
[WhiteElo "2539"]
[BlackElo "2467"]
[Annotator "Cappelle-Orange"]
[PlyCount "78"]
[EventDate "2001.04.??"]

1. Nf3 Nf6 2. c4 e6 3. Nc3 Bb4 4. Qc2 O-O 5. a3 Bxc3 6. Qxc3 b6 7. b4 d6 8. g3
c5 9. Bg2 Bb7 10. O-O a5 11. Bb2 axb4 12. axb4 Nbd7 13. Rxa8 Qxa8 14. Ra1 Qb8
15. d3 Qc7 16. b5 Ra8 17. Rxa8+ Bxa8 18. Qa3 Qb8 19. e4 Bb7 20. Nd2 Qa8 21. Qb3
Kf8 22. f4 Ke7 23. Bf3 h6 24. Kf2 Kd8 25. Bc3 Kc7 26. Qb2 Qf8 27. Qa1 Ne8 28.
e5 Bxf3 29. Nxf3 Kb8 30. exd6 f6 31. Qe1 Qf7 32. Qe4 Nxd6 33. Qc6 Nb7 34. g4
Ka7 35. Qc7 Qe8 36. h4 g6 37. g5 fxg5 38. hxg5 h5 39. Bf6 Qf7 1-0

[Event "FRA Team Ch"]
[Site "Montpellier"]
[Date "2001.04.28"]
[Round "8.3"]
[White "Mellado Trivino, Juan"]
[Black "Degraeve, Jean-Marc"]
[Result "0-1"]
[WhiteElo "2460"]
[BlackElo "2589"]
[Annotator "Orange-Cappelle"]
[PlyCount "66"]
[EventDate "2001.04.??"]

1. e4 c5 2. Nf3 Nc6 3. c3 Nf6 4. e5 Nd5 5. d4 cxd4 6. Bc4 e6 7. cxd4 d6 8. O-O
Be7 9. Qe2 O-O 10. Qe4 Kh8 11. exd6 Qxd6 12. Nc3 f5 13. Qe2 Nb6 14. Nb5 Qd7 15.
Bf4 Nxc4 16. Qxc4 a6 17. Nc7 b5 18. Qc3 Ra7 19. Rac1 Nb4 20. Ne5 Qd8 21. Nc6
Nxc6 22. Qxc6 Qd7 23. Rfe1 Qxc6 24. Rxc6 Bf6 25. Nxe6 Bxe6 26. Rexe6 Bxd4 27.
Rxa6 Rxa6 28. Rxa6 h6 29. b4 Re8 30. Be3 f4 31. Kf1 fxe3 32. fxe3 Rxe3 33. Ra5
Re5 0-1

[Event "FRA Team Ch"]
[Site "Montpellier"]
[Date "2001.04.28"]
[Round "8.4"]
[White "Jossien, Arnaud"]
[Black "De la Riva Aguado, Oscar"]
[Result "0-1"]
[WhiteElo "2319"]
[BlackElo "2496"]
[Annotator "Cappelle-Orange"]
[PlyCount "80"]
[EventDate "2001.04.??"]

1. Nf3 g6 2. g3 Bg7 3. c4 f5 4. Bg2 Nf6 5. Nc3 d6 6. O-O O-O 7. d3 Nc6 8. Rb1
h6 9. b4 e5 10. b5 Ne7 11. Nd2 g5 12. a4 Rb8 13. a5 Be6 14. Ba3 b6 15. Bb2 Qe8
16. Ra1 f4 17. axb6 axb6 18. Nde4 Nxe4 19. Nxe4 g4 20. Ra7 Rc8 21. gxf4 Rxf4
22. Qa1 Rf8 23. Nc3 Kh8 24. Bb7 Rb8 25. Be4 Qd8 26. Nd5 Nxd5 27. cxd5 Bf5 28.
Bg2 Bd7 29. Qc1 Rc8 30. Qc4 Rf7 31. Rc1 Qh4 32. Rf1 Rf4 33. Qc2 Rcf8 34. e3
R4f5 35. Be4 Rh5 36. f4 gxf3 37. Rf2 Rg5+ 38. Kh1 Rg2 39. Rxg2 Qe1+ 40. Rg1 f2
0-1

[Event "FRA Team Ch"]
[Site "Montpellier"]
[Date "2001.04.28"]
[Round "8.5"]
[White "Goldgewicht, Lionel"]
[Black "Carlier, Bruno"]
[Result "1-0"]
[WhiteElo "2345"]
[BlackElo "2392"]
[Annotator "Orange-Cappelle"]
[PlyCount "68"]
[EventDate "2001.04.??"]

1. e4 g6 2. d4 Bg7 3. Nf3 d6 4. Nc3 Nf6 5. Be2 O-O 6. O-O c5 7. d5 Na6 8. Re1
Nc7 9. a4 Rb8 10. Bc4 Bg4 11. h3 Bxf3 12. Qxf3 Nd7 13. Qg3 a6 14. a5 b5 15.
axb6 Nxb6 16. Bf1 Qd7 17. Bg5 Ra8 18. Ra5 e6 19. dxe6 fxe6 20. Bf4 e5 21. Bc1
Ne6 22. Rxa6 Rxa6 23. Bxa6 Nd4 24. Qd3 Qf7 25. Be3 c4 26. Qf1 Ra8 27. Ra1 Kf8
28. Bxd4 exd4 29. Nd5 Qa7 30. Nxb6 Qxb6 31. Bxc4 Rc8 32. Qd3 Qxb2 33. Qf3+ Ke7
34. Qf7+ Kd8 1-0

[Event "FRA Team Ch"]
[Site "Montpellier"]
[Date "2001.04.28"]
[Round "8.6"]
[White "Cappon, John"]
[Black "Gachon, Lionel"]
[Result "1-0"]
[WhiteElo "2188"]
[BlackElo "2237"]
[Annotator "Cappelle-Orange"]
[PlyCount "63"]
[EventDate "2001.04.??"]

1. e4 g6 2. d4 Bg7 3. Be3 d6 4. Nc3 a6 5. Qd2 b5 6. a3 Bb7 7. f3 Nd7 8. Rd1 e6
9. Nge2 h6 10. Nc1 Ne7 11. Be2 c5 12. O-O e5 13. dxc5 dxc5 14. Nb3 c4 15. Na5
Qc7 16. Qd6 Qxd6 17. Rxd6 Bc8 18. Rfd1 O-O 19. Rxd7 Bxd7 20. Rxd7 Rfe8 21. a4
Bf8 22. Kf2 f5 23. g3 g5 24. exf5 Nxf5 25. Nd5 Bg7 26. Nc7 Rad8 27. Rxd8 Rxd8
28. axb5 c3 29. bxc3 e4 30. Nc6 Rd7 31. b6 Nd6 32. c4 1-0

[Event "FRA Team Ch"]
[Site "Montpellier"]
[Date "2001.04.28"]
[Round "8.7"]
[White "Guadalpi, David"]
[Black "Hareux, Hubert"]
[Result "1-0"]
[WhiteElo "2282"]
[BlackElo "2211"]
[Annotator "Orange-Cappelle"]
[PlyCount "81"]
[EventDate "2001.04.??"]

1. e4 e6 2. d4 d5 3. Nc3 Bb4 4. e5 c5 5. a3 Bxc3+ 6. bxc3 Qc7 7. Qg4 f5 8. Qh5+
g6 9. Qd1 Bd7 10. h4 Ba4 11. Ra2 h6 12. Ne2 Ne7 13. Nf4 Kf7 14. Rh3 Nbc6 15.
Be2 Rac8 16. Rg3 Rcg8 17. dxc5 Nxe5 18. Be3 Nd7 19. Nd3 Nc6 20. f4 Qa5 21. Qd2
Nf6 22. Bf3 Rd8 23. Nb4 Ne4 24. Bxe4 dxe4 25. Bd4 Nxd4 26. cxd4 Qc7 27. Rb2 g5
28. hxg5 hxg5 29. Rxg5 Rh1+ 30. Kf2 Rd1 31. Qe3 R8xd4 32. c3 R4d3 33. Nxd3 Rxd3
34. c6 Qxc6 35. Qxa7 e3+ 36. Kg1 Qd6 37. Qxa4 Rd1+ 38. Kh2 Rd2 39. Rxb7+ Kf6
40. Rg6+ Kxg6 41. Qe8+ 1-0

[Event "FRA Team Ch"]
[Site "Montpellier"]
[Date "2001.04.28"]
[Round "8.8"]
[White "Couche, Didier"]
[Black "Guidarelli, Laurent"]
[Result "0-1"]
[WhiteElo "2080"]
[BlackElo "2297"]
[Annotator "Cappelle-Orange"]
[PlyCount "62"]
[EventDate "2001.04.??"]

1. d4 Nf6 2. c4 c5 3. d5 b5 4. cxb5 a6 5. bxa6 Bxa6 6. Nc3 d6 7. f4 Qa5 8. Bd2
Nbd7 9. Nf3 g6 10. e4 Bxf1 11. Rxf1 Qb4 12. Qe2 Bh6 13. Nb5 Qxb2 14. Kf2 Rxa2
15. Rab1 Qc2 16. Nc3 Qxc3 17. Bxc3 Nxe4+ 18. Kg1 Rxe2 19. Bxh8 f6 20. g3 Nc3
21. Rb7 Nxd5 22. Ra1 Nf8 23. Rba7 Kf7 24. Rd1 Nc3 25. Rxd6 Kg8 26. Rc6 Kxh8 27.
Rxc5 Ne4 28. Rcc7 e6 29. Nd4 Re1+ 30. Kg2 Nd6 31. Re7 Nc8 0-1

[Event "FRA Team Ch"]
[Site "Montpellier"]
[Date "2001.04.28"]
[Round "8.9"]
[White "Dacalor, Aurelie"]
[Black "Husson, Cybele"]
[Result "1-0"]
[WhiteElo "2162"]
[BlackElo "2036"]
[Annotator "Orange-Cappelle"]
[PlyCount "135"]
[EventDate "2001.04.??"]

1. d4 Nf6 2. c4 c5 3. d5 e5 4. Nc3 d6 5. e4 g6 6. Bd3 Bg7 7. Nge2 Nh5 8. h3 a6
9. Be3 O-O 10. g4 Nf6 11. Qd2 Ne8 12. Ng3 b5 13. cxb5 axb5 14. Nxb5 Na6 15. Nc3
Nb4 16. Bc2 Bd7 17. a3 Qc8 18. Rc1 Na6 19. Bd3 Qb7 20. f3 Rb8 21. Rc2 Nac7 22.
h4 Nb5 23. Nxb5 Bxb5 24. Bxb5 Qxb5 25. h5 Qb3 26. Rh2 f6 27. Rc3 Qb7 28. Rc4
Rf7 29. Qc1 Qb3 30. Rc3 Qa4 31. Bh6 Qd4 32. Be3 Qa4 33. Qc2 Qa6 34. Bc1 Nc7 35.
a4 Rb4 36. b3 Qa7 37. Rc4 Na6 38. Bd2 Rb8 39. Ne2 Qb7 40. Nc1 f5 41. gxf5 gxf5
42. Rg2 Kh8 43. h6 Bf6 44. exf5 Qxd5 45. Qe4 Nc7 46. Bc3 Qa8 47. Qxa8 Rxa8 48.
Rcg4 Nd5 49. Bd2 Ne7 50. a5 Nxf5 51. Kd1 Nd4 52. f4 Nf5 53. fxe5 Bxe5 54. Nd3
Bd4 55. Re4 d5 56. Re6 Rb7 57. Kc2 Re7 58. Rge2 Rae8 59. Nf4 Be5 60. Rxe7 Rxe7
61. Nxd5 Re6 62. Kd3 Kg8 63. Nf6+ Rxf6 64. Rxe5 Nd4 65. Kc4 Rf3 66. b4 Nc2 67.
Bc3 Nd4 68. Bxd4 1-0

[Event "FRA Team Ch"]
[Site "Montpellier"]
[Date "2001.04.28"]
[Round "8.1"]
[White "Dorfman, Josif"]
[Black "Schlosser, Philipp"]
[Result "1-0"]
[WhiteElo "2602"]
[BlackElo "2511"]
[Annotator "Echiquier Nicois-Bischwiller"]
[PlyCount "190"]
[EventDate "2001.04.??"]

1. d4 Nf6 2. c4 e6 3. Nc3 Bb4 4. Qc2 d5 5. cxd5 Qxd5 6. Nf3 Qf5 7. Qxf5 exf5 8.
a3 Be7 9. g3 c6 10. Bg2 Be6 11. O-O Nbd7 12. Bg5 Ne4 13. Bxe7 Kxe7 14. Rfc1 a5
15. Ne1 Ndf6 16. Nd3 Nd2 17. Nc5 Nb3 18. Nxb3 Bxb3 19. d5 Rhc8 20. dxc6 bxc6
21. Nd1 Bxd1 22. Rxd1 Rab8 23. Rd2 c5 24. Rc1 c4 25. Bf3 g6 26. Rdc2 Nd7 27.
Rxc4 Rxc4 28. Rxc4 Rxb2 29. Rc7 Kd6 30. Rc6+ Ke7 31. Ra6 Rb5 32. a4 Re5 33. e3
Rc5 34. Ra7 Ke6 35. Kg2 Ne5 36. Bd1 Kf6 37. Bb3 Rc3 38. Ra6+ Kg7 39. Rxa5 Nd3
40. Rb5 Nc5 41. Bd1 Rc1 42. a5 Rxd1 43. Rxc5 Ra1 44. h3 h5 45. Kf3 Ra2 46. Rb5
Ra4 47. Kg2 Ra1 48. f4 Ra2+ 49. Kf3 Kg8 50. Rb8+ Kg7 51. Ra8 Kh7 52. g4 fxg4+
53. hxg4 h4 54. g5 h3 55. Rb8 h2 56. Rb1 Kg7 57. Rh1 f6 58. a6 fxg5 59. fxg5
Kf7 60. a7 Ke6 61. Rxh2 Rxa7 62. Rb2 Rf7+ 63. Kg4 Rf1 64. Rb6+ Kf7 65. Rb7+ Kg8
66. e4 Kf8 67. Kg3 Kg8 68. Rb3 Kg7 69. Rf3 Rg1+ 70. Kf4 Kf7 71. Ra3 Kg7 72.
Ra7+ Kg8 73. Rd7 Rg2 74. Rd3 Kg7 75. Rg3 Ra2 76. Rg1 Kf7 77. Rd1 Rg2 78. Rd7+
Kg8 79. Ke5 Rxg5+ 80. Kf6 Rg1 81. e5 Rf1+ 82. Ke7 Ra1 83. e6 Kg7 84. Kd6+ Kf6
85. Rf7+ Kg5 86. e7 Rd1+ 87. Kc7 Rc1+ 88. Kd8 Rd1+ 89. Ke8 Re1 90. Kf8 Kg4 91.
Rf6 g5 92. Kf7 Rxe7+ 93. Kxe7 Kg3 94. Ke6 g4 95. Kf5 Kf3 1-0

[Event "FRA Team Ch"]
[Site "Montpellier"]
[Date "2001.04.28"]
[Round "8.2"]
[White "Ivanov, Mikhail M"]
[Black "Delchev, Aleksander"]
[Result "0-1"]
[WhiteElo "2454"]
[BlackElo "2587"]
[Annotator "Bischwiller-Echiquier Nicois"]
[PlyCount "164"]
[EventDate "2001.04.??"]

1. Nf3 Nf6 2. c4 c6 3. d4 d5 4. e3 Bf5 5. Nc3 e6 6. Nh4 Be4 7. f3 Bg6 8. Qb3
Qc7 9. g4 Nbd7 10. g5 dxc4 11. Bxc4 Nd5 12. Nxg6 hxg6 13. f4 N7b6 14. Bf1 Bd6
15. Bd2 Nxf4 16. exf4 Bxf4 17. O-O-O O-O-O 18. Ne2 Bxd2+ 19. Rxd2 Rd5 20. Qg3
Qxg3 21. Nxg3 Rh4 22. Bg2 Rxg5 23. Ne4 Rxg2 24. Rxg2 Rxe4 25. Rf1 Nc4 26. b3
Nd6 27. Rd2 Kd7 28. Kb2 Rh4 29. Rf3 Ke7 30. h3 Nb5 31. Rfd3 g5 32. Rg2 Rh5 33.
a4 Nc7 34. Rdg3 f6 35. b4 a6 36. Kb3 Nd5 37. Kc4 Kd6 38. a5 Rh4 39. Rd2 Ne7 40.
Rdd3 Nf5 41. Rg4 Rh8 42. Re4 Ke7 43. Kc5 Rd8 44. Re1 Rd5+ 45. Kc4 Kf7 46. Rdd1
Nd6+ 47. Kb3 Nb5 48. Kc4 Nc7 49. Rg1 Rb5 50. Rg3 Nd5 51. Rb1 Ne7 52. Re1 Nf5
53. Rg4 Nd6+ 54. Kc3 Rf5 55. Re3 Rf1 56. Rg2 Nb5+ 57. Kd3 Nc7 58. Reg3 Rb1 59.
Kc2 Rxb4 60. Rb3 Rb5 61. Rxb5 cxb5 62. Kb3 Nd5 63. Rc2 f5 64. Rc8 g4 65. hxg4
fxg4 66. Kc2 g3 67. Kd2 g2 68. Rc1 Nf4 69. Rg1 Kf6 70. Ke3 Kf5 71. Kf3 g5 72.
Rb1 g4+ 73. Kf2 Ke4 74. Kg1 Kxd4 75. Rb4+ Ke3 76. Rb3+ Ke2 77. Rb2+ Kd3 78.
Rb3+ Kc4 79. Rb1 b4 80. Rc1+ Kb5 81. Rc7 Kxa5 82. Rxb7 Ka4 0-1

[Event "FRA Team Ch"]
[Site "Montpellier"]
[Date "2001.04.28"]
[Round "8.3"]
[White "Banikas, Hristos"]
[Black "Blot, Jerome"]
[Result "1-0"]
[WhiteElo "2535"]
[BlackElo "2324"]
[Annotator "Echiquier Nicois-Bischwiller"]
[PlyCount "145"]
[EventDate "2001.04.??"]

1. d4 Nf6 2. c4 g6 3. Nc3 Bg7 4. e4 d6 5. f4 O-O 6. Nf3 c5 7. d5 e6 8. Be2 exd5
9. cxd5 Bg4 10. O-O Re8 11. e5 Bxf3 12. Bxf3 dxe5 13. fxe5 Rxe5 14. Bf4 Re8 15.
Qb3 Nbd7 16. Rfe1 Nh5 17. Rxe8+ Qxe8 18. Bxh5 gxh5 19. Qxb7 Ne5 20. d6 Rd8 21.
Qe7 Ng6 22. Qxe8+ Rxe8 23. Bg3 Bd4+ 24. Kf1 h4 25. Bf2 Rd8 26. Rd1 Rxd6 27. Nb5
Ra6 28. Nxd4 cxd4 29. Rxd4 Rxa2 30. Rd8+ Kg7 31. Bd4+ Kh6 32. Rd7 Ra4 33. Bxa7
Ne5 34. Be3+ Kg6 35. Rd4 Ra1+ 36. Ke2 Rb1 37. Rb4 f6 38. h3 Nc6 39. Rb6 Ne7 40.
Bd2 Rg1 41. Kf2 Rd1 42. Be1 Nd5 43. Rd6 Kf5 44. Rd7 h5 45. Rd8 Ke4 46. Re8+ Kf5
47. Rh8 Kg6 48. Rd8 Kf5 49. Rh8 Kg6 50. Rb8 Nf4 51. Kf3 Rxe1 52. Kxf4 Re2 53.
b4 Kg7 54. Kf3 Rb2 55. b5 Rb3+ 56. Ke4 Rb2 57. b6 Rxg2 58. Rc8 Rb2 59. Rc7+ Kg6
60. b7 f5+ 61. Ke5 Rb5+ 62. Kd6 f4 63. Kc6 Rb3 64. Rc8 Kf5 65. b8=Q Rxb8 66.
Rxb8 Ke4 67. Rb4+ Ke3 68. Kd5 f3 69. Rb1 Ke2 70. Ke4 f2 71. Rb2+ Ke1 72. Ke3
f1=N+ 73. Kf4 1-0

[Event "FRA Team Ch"]
[Site "Montpellier"]
[Date "2001.04.28"]
[Round "8.4"]
[White "Mohebbi, Jaffar"]
[Black "Leski, Marc"]
[Result "1/2-1/2"]
[WhiteElo "2318"]
[BlackElo "2420"]
[Annotator "Bischwiller-Echiquier Nicois"]
[PlyCount "193"]
[EventDate "2001.04.??"]

1. d4 d6 2. e4 Nf6 3. Nc3 g6 4. Nf3 Bg7 5. h3 O-O 6. Be3 c6 7. a4 d5 8. e5 Ne4
9. Nxe4 dxe4 10. Ng5 c5 11. dxc5 Qc7 12. Nxe4 Qxe5 13. Nc3 Be6 14. Be2 Nd7 15.
O-O Nxc5 16. Bf3 Qc7 17. Nd5 Bxd5 18. Qxd5 Rac8 19. c3 Rfd8 20. Qc4 b6 21. Rfd1
Qb8 22. a5 Nd3 23. Qb3 bxa5 24. Qxb8 Rxb8 25. Bxa7 Nxb2 26. Rdb1 Rb3 27. Rxa5
Rxc3 28. Bb6 Rdc8 29. Ra8 Rxa8 30. Bxa8 Nc4 31. Bc5 Bf6 32. Bb4 Rc2 33. Rd1 Kg7
34. Be4 Rb2 35. Bc5 Rb5 36. Ba7 Ra5 37. Rd7 h5 38. g3 h4 39. g4 Ra4 40. Bc2 Ra3
41. Kg2 Ne5 42. Rb7 Nf3 43. Bb3 Ne1+ 44. Kf1 Nd3 45. Be3 Ra1+ 46. Ke2 Nc1+ 47.
Bxc1 Rxc1 48. Rd7 Rh1 49. Rd3 Bg5 50. Bd5 Rc1 51. Kf3 e6 52. Bb3 Be7 53. Kg2
Bc5 54. Rf3 Re1 55. Rc3 Bd4 56. Rd3 e5 57. g5 Rc1 58. f4 Rg1+ 59. Kh2 Rf1 60.
fxe5 Bxe5+ 61. Kg2 Rf5 62. Rf3 Rxg5+ 63. Kf1 Bf6 64. Bc4 Rc5 65. Bb3 Rc7 66.
Kg2 Be5 67. Re3 Bg3 68. Rd3 Rb7 69. Kf3 Rb4 70. Kg2 Rb6 71. Rf3 f5 72. Rd3 Kf6
73. Kf3 Rb4 74. Rc3 Bd6 75. Kg2 Rd4 76. Bc4 Rd2+ 77. Kf3 Be5 78. Ra3 Bd4 79.
Ra2 Rd1 80. Ra6+ Kg7 81. Rd6 Rd2 82. Be2 g5 83. Rd7+ Kf6 84. Rd6+ Ke7 85. Rd5
Ke6 86. Rd8 Ke7 87. Rd5 Kf6 88. Rd6+ Ke7 89. Rd5 Ke6 90. Rd8 g4+ 91. hxg4 h3
92. gxf5+ Ke7 93. Rb8 h2 94. Rb7+ Kf6 95. Rh7 Be5 96. Ke3 Rd7 97. Rh5 1/2-1/2

[Event "FRA Team Ch"]
[Site "Montpellier"]
[Date "2001.04.28"]
[Round "8.5"]
[White "Mrdja, Milan"]
[Black "Schneider, Heiko"]
[Result "1-0"]
[WhiteElo "2435"]
[BlackElo "2275"]
[Annotator "Echiquier Nicois-Bischwiller"]
[PlyCount "103"]
[EventDate "2001.04.??"]

1. e4 d5 2. exd5 Qxd5 3. Nc3 Qa5 4. Bc4 Nf6 5. Bb3 c6 6. d3 Bf5 7. Bd2 Qc7 8.
Qe2 Nbd7 9. Nf3 Nc5 10. Ne5 e6 11. g4 Nxb3 12. axb3 Bg6 13. h4 Bd6 14. f4 h5
15. Nxg6 fxg6 16. g5 Ng4 17. Qxe6+ Qe7 18. Qxe7+ Kxe7 19. O-O Bc5+ 20. Kg2 Rhf8
21. Ne4 Bd4 22. Rae1 Kd7 23. c3 Bb6 24. d4 Rae8 25. Nf2 Rxe1 26. Rxe1 Nxf2 27.
Kxf2 c5 28. dxc5 Bxc5+ 29. Kf3 Kd6 30. b4 Bb6 31. c4 Bd4 32. Be3 Bxe3 33. Rxe3
Rf7 34. Re5 a6 35. Ke4 Rc7 36. b3 Rf7 37. b5 axb5 38. Rxb5 Re7+ 39. Kd4 Kc6 40.
Re5 Rd7+ 41. Ke4 Rd1 42. Re6+ Kc5 43. Rxg6 Re1+ 44. Kf5 Rb1 45. Rxg7 Rxb3 46.
g6 Kxc4 47. Kg5 Kd5 48. f5 Rg3+ 49. Kxh5 Ke5 50. Rxb7 Kxf5 51. Rf7+ Ke6 52. Rf4
1-0